000 00630nam a2200169Ia 4500
008 090201s9999 xx 000 0 und d
010 _aKPL-46240
040 _bमराठी
041 _aमराठी
082 _a7101
_b46240
100 _aअमरेंद्र गाडगीळ
245 _aमहाभारत सर्वांगीण दर्शन
_cअमरेंद्र गाडगीळ
260 _c2004
_bगोकुळ मासिक प्रकाशन
300 _a137
_bमोठा
600 _aमहाभारत सर्वांगीण दर्शन
942 _cBOOK
999 _c207873
_d207873